000 00806nam a22002537a 4500
001 BR7603035
003 BR-BrBNA
005 20230928085012.0
007 ta
008 230509b bl.||||| |||| 00| 0 por d
040 _aBR-BrBNA
_bpor
_cBiblioteca Nacional de Agricultura
041 _a(Por)
072 _aS00
_b/G514
090 _ S00 BR7603035
110 1 _aMinisterio do Trabalho, Brasilia, DF (Brasil)
_97158
245 1 _aIncentivos fiscais para alimentacao do trabalhador. Lei 6.321 de 14 de abril de 1976. Manual de instrucoes, formulario para apresentacao do programa [Brasil]
260 3 _aBrasilia, DF (Brasil):
_c1976.
300 _a19 p.
650 _aNutricao humana
650 _aAlimentacao
650 _aTrabalhador rural
909 _a202309
_bLucia
_c55
_dLucia Elande
942 _cBK
999 _c22331
_d22331